LEADER 02614nam 2200589 a 450 001 9910465191603321 005 20200520144314.0 010 $a1-78170-221-7 010 $a1-84779-419-X 035 $a(CKB)2560000000085859 035 $a(EBL)1069731 035 $a(OCoLC)818847546 035 $a(SSID)ssj0000712789 035 $a(PQKBManifestationID)12322461 035 $a(PQKBTitleCode)TC0000712789 035 $a(PQKBWorkID)10650327 035 $a(PQKB)11490979 035 $a(StDuBDS)EDZ0000086920 035 $a(MiAaPQ)EBC1069731 035 $a(Au-PeEL)EBL1069731 035 $a(CaPaEBR)ebr10627260 035 $a(CaONFJC)MIL843740 035 $a(EXLCZ)992560000000085859 100 $a20110817d2011 uy 0 101 0 $aeng 135 $aur|n|---||||| 181 $ctxt 182 $cc 183 $acr 200 10$aImmigration and social cohesion in the Republic of Ireland$b[electronic resource] /$fBryan Fanning 210 $aManchester $cManchester University Press$d2011 215 $a1 online resource (225 p.) 300 $aDescription based upon print version of record. 311 $a0-7190-8479-2 311 $a0-7190-8478-4 320 $aIncludes bibliographical references and index. 327 $aIdentities and capabilities -- Integration into what? -- Social cohesion -- Some numbers and percentages -- Some immigrant lives -- Education and segregation -- Integration as social inclusion -- Politics and citizenship -- Some challenges. 330 $aIn the last decade Ireland's immigrant population grew to more than one in ten. Now in the midst of an economic crisis the integration of immigrants has become a topical issue. Drawing extensively on demographic data and research on immigrant lives, immigrant participation in Irish politics and the experiences of immigrants living in deprived communities, this book offers a thorough study of the immigrant experience in Ireland today. Well-researched chapters and case studies examine the effects of immigration on social cohesion, the role of social policy, the nature and extent of segregation i 606 $aSocial change$zIreland 607 $aIreland$xEmigration and immigration 607 $aIreland$xSocial conditions$y21st century 608 $aElectronic books. 615 0$aSocial change 676 $a304.8209417 700 $aFanning$b Bryan$0869201 801 0$bMiAaPQ 801 1$bMiAaPQ 801 2$bMiAaPQ 906 $aBOOK 912 $a9910465191603321 996 $aImmigration and social cohesion in the Republic of Ireland$91940619 997 $aUNINA LEADER 02217oas 2200733 a 450 001 9910229816103321 005 20260218213013.0 035 $a(OCoLC)463463832 035 $a(CONSER) 2010268032 035 $a(CKB)111021054523006 035 $a(EXLCZ)99111021054523006 100 $a20091105b19581970 uy 101 0 $aeng 135 $aurbn||||||||| 181 $ctxt$2rdacontent 182 $cc$2rdamedia 183 $acr$2rdacarrier 200 10$aCanadian journal of corrections =$eRevue canadienne de criminologie 210 $aOttawa $cCanadian Corrections Association 300 $aRefereed/Peer-reviewed 300 $aFinal issued consulted: Vol. 12, no. 4 (Oct. 1970) (Hein Online, viewed Mar. 5, 2010). 311 08$a(DLC)62026999 (OCoLC)1587240 0008-4069 320 $aIncludes bibliographical references. 517 3 $aRevue canadienne de criminologie 606 $aCriminology$vPeriodicals 606 $aCrime prevention$zCanada$vPeriodicals 606 $aCriminals$xRehabilitation$vPeriodicals 606 $aCriminologie$vPe?riodiques 606 $aRe?habilitation$vPe?riodiques 606 $aCrime prevention$2fast$3(OCoLC)fst00883055 606 $aCriminals$xRehabilitation$2fast$3(OCoLC)fst00883537 606 $aCriminology$2fast$3(OCoLC)fst00883566 607 $aCanada$2fast$1https://id.oclc.org/worldcat/entity/E39PBJkMHVW4rfVXPrhVP4VwG3 608 $aPeriodicals.$2fast 615 0$aCriminology 615 0$aCrime prevention 615 0$aCriminals$xRehabilitation 615 6$aCriminologie 615 6$aRe?habilitation 615 7$aCrime prevention. 615 7$aCriminals$xRehabilitation. 615 7$aCriminology. 712 02$aCanadian Corrections Association 801 0$bCLL 801 1$bCLL 801 2$bCLL 801 2$bTKF 801 2$bNDO 801 2$bOCLCE 801 2$bOCLCQ 801 2$bOCLCF 801 2$bOCLCO 801 2$bOCLCQ 801 2$bVT2 801 2$bTXQ 801 2$bOCLCQ 801 2$bUAB 801 2$bOCLCL 801 2$bU3W 801 2$bOCLCL 906 $aJOURNAL 912 $a9910229816103321 996 $aCanadian journal of corrections$92232166 997 $aUNINA